000
00263nam a2200097Ia 4500
082
_a
J 523.4 SPAR
245
0
_a
Destination uranus, neptune, and pluto
100
_a
Sparrow, Giles London, 2009
942
_c
BK
008
210817s9999 xx 000 0 und d
999
_c
382720
_d
382718